000 004520000a22001930004500
001 1483
003 CO-MdFUSB
005 20170605175541.0
008 170605b xxu||||| |||| 00| 0 eng d
020 _a958-04-9121-6
040 _cCO-MdBIC
082 0 4 _a863C M45em
100 1 _aMckee, David
245 1 0 _aElmer y mariposa / David Mckee
260 _aBogotá : Norma
300 _a32 P.
650 1 4 _aCuentos infantiles ingleses
942 _cLGB
999 _c48644
_d48644